| 000 | 00851nam a22002297a 4500 | ||
|---|---|---|---|
| 005 | 20111108104646.0 | ||
| 008 | 111108t xxu||||| |||| 00| 0 eng d | ||
| 010 | _aENG-104054 | ||
| 020 |
_a9789381385159 _c625.00 |
||
| 035 | _aEN-87587 | ||
| 037 | _bDBAD/PUB | ||
| 040 |
_aDPL _bEng |
||
| 082 | _a305.4 | ||
| 100 |
_935745 _aTripathi, Madhusoodan |
||
| 245 |
_aWomen empowerment : _cby Madhusoodan Tripathi _ba social audit / |
||
| 260 |
_aDelhi _bAncient Publishing House _c2011 |
||
| 270 |
_aV-75, Street No. 15-A, Vijay Park, Near C-11, Shiv Sadhana Mandir, Yamuna Vihar _bDelhi _e110053 |
||
| 300 |
_a256p. _c22cm (Hb) |
||
| 700 | _935744 | ||
| 942 |
_2ddc _cEN _h305.4 _mTRI |
||
| 999 |
_c58190 _d58190 |
||